Score 0/18 Timer 05:00
1 Play Today
Jumble Spider % Correct
CLBAK DOWWIBlack Widow
97.3%
FLOWWolf
97.2%
OBOHHobo
96.7%
BRCACrab
95.4%
GUMPJIN Jumping
90.9%
YADDD SLOGNELGDaddy Longlegs
88%
NOBRW IDWOWBrown Widow
86.8%
ERGNE XLNYGreen Lynx
79.5%
LEWLYO ASCYellow Sac
78.7%
Jumble Spider % Correct
EOSUMMouse
77.2%
LURANATANTTarantula
74.4%
NERDGAGarden
72.1%
ONMOMC USHOECommon House
70.2%
HFGNISIFishing
60%
WORBN EEURLCSBrown Recluse
58.2%
BOR VAGWINEOrb Weaving
32.8%
MALCECamel
31.8%
REYRUNS BEWNursery Web
25.9%
Remove Ads.
Support Sporcle.
Get the best of Sporcle when you Go Orange. This ad-free experience offers more features, more stats, and more fun while also helping to support Sporcle. Thank you for becoming a member.

You're not logged in!

Compare scores with friends on all Sporcle quizzes.
OR
Log In

Show Comments

Extras

Top Quizzes Today


Score Distribution

Your Account Isn't Verified!

In order to create a playlist on Sporcle, you need to verify the email address you used during registration. Go to your Sporcle Settings to finish the process.

Report this User

Report this user for behavior that violates our Community Guidelines.

Details: